|
|
|
|
| LEADER |
00000nab#a22000007a#4500 |
| 001 |
arbauad035729 |
| 003 |
AR-BaUAD |
| 005 |
20250711112829.0 |
| 008 |
990310|||||||||###||||||b###|0###a|spa|| |
| 040 |
|
|
|a AR-BaUAD
|c AR-BaUAD
|b spa
|
| 100 |
|
|
|a Leu, Olaf
|
| 245 |
|
|
|a Eleganz, Exotik und Abenteuer /
|c Olaf Leu;
|
| 300 |
0 |
|
|b fot.
|
| 653 |
|
|
|a DISEÑO GRAFICO
|
| 653 |
|
|
|a ALEMANIA
|
| 653 |
|
|
|a ESTUDIANTES
|
| 653 |
|
|
|a PROYECTOS
|
| 653 |
|
|
|a IMAGEN CORPORATIVA
|
| 653 |
|
|
|a TRENES
|
| 653 |
|
|
|a ISOTIPOS
|
| 653 |
|
|
|a LOGOTIPOS
|
| 653 |
|
|
|a CATALOGOS
|
| 653 |
|
|
|a FOLLETOS
|
| 773 |
0 |
|
|t NOVUM
|g [dic. 1998], p. 48-51
|
| 942 |
|
|
|c ARTI
|
| 952 |
|
|
|0 0
|1 0
|4 0
|7 0
|9 80648
|a AR-BAuAD
|b AR-BAuAD
|d 2025-07-11
|l 0
|p AAQA035729
|r 2025-07-11 11:28:29
|w 2025-07-11
|y ARTI
|
| 990 |
|
|
|a DG199
|b TD
|
| 998 |
|
|
|a AAQ
|b BIBUN76
|
| 999 |
|
|
|c 60321
|d 60321
|